Operations management / (Record no. 14098)

000 -LEADER
fixed length control field 00737cam a22002294a 4500
020 ## - INTERNATIONAL STANDARD BOOK NUMBER
ISBN 0072869054 (student ed. : alk. paper)
020 ## - INTERNATIONAL STANDARD BOOK NUMBER
ISBN 9780072869057 (student ed. : alk. paper)
020 ## - INTERNATIONAL STANDARD BOOK NUMBER
ISBN 0072869089 (instructor's ed. : alk. paper)
020 ## - INTERNATIONAL STANDARD BOOK NUMBER
ISBN 9780072869088 (instructor's ed. : alk. paper)
020 ## - INTERNATIONAL STANDARD BOOK NUMBER
ISBN 0072971223 (Pkg. ISBN)
020 ## - INTERNATIONAL STANDARD BOOK NUMBER
ISBN 9780072971224 (Pkg. ISBN)
040 ## - CATALOGING SOURCE
Transcribing agency DLC
082 00 - DEWEY DECIMAL CLASSIFICATION NUMBER
Classification number 658 MCG 2005 A050 Or.
100 1# - MAIN ENTRY--AUTHOR NAME
Personal name Stevenson, William J
245 10 - TITLE STATEMENT
Title Operations management /
250 ## - EDITION STATEMENT
Edition statement 8th ed
260 ## - PUBLICATION, DISTRIBUTION, ETC. (IMPRINT)
Place of publication Boston :
Name of publisher McGraw-Hill/Irwin,
Year of publication c2005
300 ## - PHYSICAL DESCRIPTION
Number of Pages xiv, 871 p. :
Other physical details col. ill. ;
Dimensions 29 cm +
Accompanying material 1 DVD (4 3/4 in.)
500 ## - GENERAL NOTE
General note Includes index
650 #0 - SUBJECT ADDED ENTRY--TOPICAL TERM
Topical Term Production management
942 ## - ADDED ENTRY ELEMENTS (KOHA)
Koha item type សៀវភៅភាសាអង់គ្លេស
952 ## - LOCATION AND ITEM INFORMATION (KOHA)
Withdrawn status [LOCAL, KOHA] 0
Holdings
Permanent Location Date acquired Koha item type Lost status Shelving location Barcode Current Location Full call number
Library Block A2017-10-06សៀវភៅភាសាអង់គ្លេស A050A22318Library Block A658 MCG 2005 A050 Or.
មជ្ឈមណ្ឌលឯការនៃសាកលវិទ្យាល័យភូមិន្ទកសិកម្មចំការដូង

Powered by Koha